000 00386 a2200145 4500
020 _a00616823X
040 _aDLC
_bDLC
082 _a823.912
100 _aChristie, Agatha.
245 _aEndless night
_cChristie, Agatha
260 _aLondon:
_bHarper Collins Publishers,
_c1993.
300 _a215 p. ;
_c19 cm.
650 _aDetective and mystery stories.
942 _cBK
_k823.912 CHR
_2ddc
999 _c5049
_d5049